| 000 | 02217cam a2200517 a 4500 | ||
|---|---|---|---|
| 001 | sjds286611 | ||
| 003 | sjds | ||
| 005 | 20200217191240.0 | ||
| 008 | 040604t20042004txua j 000 0 eng | ||
| 010 | _a 2004013368 | ||
| 020 | _a0938317865 (alk. paper) | ||
| 020 | _a9780938317869 (pbk.) | ||
| 020 | _a9780938317395 (pbk.) | ||
| 035 | _a(OCoLC)56012836 | ||
| 040 |
_aDLC _cDLC _dIG# _dLF8 _dBAKER _dIFA _dUtOrBLW |
||
| 041 | 0 |
_aeng _aspa |
|
| 049 | _aIFAA | ||
| 099 | _aCHILDREN ESPANOL 398.2 HAYES | ||
| 100 | 1 | _aHayes, Joe. | |
| 245 | 1 | 3 |
_aLa llorona = _bThe weeping woman : an Hispanic legend told in Spanish and English / _cby Joe Hayes ; illustrated by Vicki Trego Hill & Mona Pennypacker. |
| 246 | 1 | 1 | _aWeeping woman |
| 250 | _aThird edition, enlarged. | ||
| 260 |
_aEl Paso, Tex. : _bCinco Puntos Press, _cc2004 |
||
| 264 | 1 |
_aEl Paso, Tex. : _bCinco Puntos Press, _c[2004] |
|
| 264 | 4 | _cc2004 | |
| 300 |
_a32 unnumbered pages : _bcolor illustrations ; _c26 cm |
||
| 336 |
_atext _btxt _2rdacontent |
||
| 337 |
_aunmediated _bn _2rdamedia |
||
| 338 |
_avolume _bnc _2rdacarrier |
||
| 520 | _aRetells, in parallel English and Spanish text, the traditional Hispanic American tale of a proud and beautiful woman who, in a fit of jealousy, commits a terrible act and then cannot stop weeping for it, even after she is dead. | ||
| 521 | 8 |
_a770 _bLexile |
|
| 526 | 0 |
_aAccelerated Reader _bLG _c4.3 _d0.5 _z18336SP |
|
| 546 | _aParallel text in English and Spanish. | ||
| 650 | 0 |
_aLlorona (Legendary character) _vJuvenile literature. |
|
| 650 | 0 |
_aFolklore _zSouthwest, New _vJuvenile literature. |
|
| 650 | 0 |
_aFolklore _zMexico _vJuvenile literature. |
|
| 650 | 0 |
_aSpanish language materials _xBilingual _vJuvenile literature. |
|
| 650 | 7 |
_aLlorona (Personaje legendario) _vLiteratura juvenil. _2bidex |
|
| 650 | 7 |
_aFolklore _zSuroeste Nuevo _vLiteratura juvenil. _2bidex |
|
| 650 | 7 |
_aFolklore _zMéxico _vLiteratura juvenil. _2bidex |
|
| 650 | 7 |
_aMateriales bilingües en español _vLiteratura juvenil. _2bidex |
|
| 700 | 1 | _aHill, Vicki Trego. | |
| 700 | 1 | _aPennypacker, Mona. | |
| 856 | 4 | 2 |
_3Publisher description _uhttp://www.loc.gov/catdir/enhancements/fy0616/2004013368-d.html |
| 942 | _cBK | ||
| 999 |
_c21110 _d21110 |
||